| 000 | 01027nam a2200241 a 4500 | ||
|---|---|---|---|
| 001 | 70906 | ||
| 003 | BD-RjUL | ||
| 005 | 20211209082043.0 | ||
| 008 | 170422s2007 bg a|||| |||| 00| 0 ben d | ||
| 020 |
_a9840745670 _c : Tk 140 |
||
| 035 | _a(BD-RjUL)71120 | ||
| 040 |
_aBD-RjUL _bben _cBD-RjUL _dBD-RjUL |
||
| 041 | _aben | ||
| 082 |
_223 _a697.93 _bRAH 2007 |
||
| 100 | 1 | 0 |
_aরহমান, মুহাম্মদ মাহবুবুর _9209837 |
| 245 | 1 | 0 |
_aহিমায়ন ও শীতাতপ নিয়ন্ত্রণ = [refrigeration and air-conditioning] / _cমুহাম্মদ মাহবুবুর রহমান |
| 260 |
_aঢাকা : _bবাংলা একাডেমী, _c২০০৭ [১৪১৪] |
||
| 300 |
_a১৫১ পৃ. : _bচিত্র ; _c২৫ সেমি. |
||
| 504 | _aগ্রন্থপঞ্জি সংযুক্ত | ||
| 650 |
_aশীতাতপ নিয়ন্ত্রণ _9209838 |
||
| 650 |
_aAir conditioning _9209839 |
||
| 942 |
_2ddc _cBK |
||
| 999 |
_c70906 _d70906 |
||